000 00290nam a2200097Ia 4500
082 _aJ|363.69|MORR
245 0 _aProtecting the past : history conservation
100 _a Morrison, Yvonne, , 1972- Oxford, 2009
_966284
942 _cBK
008 210817s9999 xx 000 0 und d
999 _c212563
_d212560